000 00687nam a22002292 4500
001 17411
003 BD-RjUL
005 20211209000132.0
008 140217s1964 nyua 000 0 eng
035 _a(BD-RjUL)17469
040 _aDLC
_cDLC
_dUKM
_dBD-RjUL
_beng
041 _aeng
082 _a671.56
_bMAS 1964
100 1 _aManko, Howard H.
_953658
245 0 0 _aSolders and soldering ;
_bmaterials, design, production, and analysis for reliable bonding /
260 _aNew York :
_bMcGraw-Hill,
_c1964
300 _axv, 323 p. :
_billus., diagrs., tables. ;
_c23 cm.
650 0 _aSolder and soldering.
_951620
942 _2ddc
_cBK
999 _c17411
_d17411